| 000 | 00568nam a22002177a 4500 | ||
|---|---|---|---|
| 003 | BUBTL | ||
| 008 | 220619b ||||| |||| 00| 0 eng d | ||
| 050 | _a | ||
| 082 | _a346.03/ B299l/ 2012 | ||
| 100 |
_94593 _aBasu, Durga Das |
||
| 245 |
_aThe Low of Torts/ _bDurga Das Basu |
||
| 250 | _a1st | ||
| 260 |
_aKalkata _bKamal Law House _cc2012 |
||
| 300 |
_a[47], 471p. : _b21cm |
||
| 500 | _aIncludes Index | ||
| 650 | 0 |
_926 _aLaw |
|
| 700 |
_aDurga Das Basu _94594 |
||
| 856 |
_k0 _l0 _yDownload |
||
| 942 |
_2ddc _cBK |
||
| 999 |
_c6719 _d6719 |
||